000 00648nam a2200205 i 4500
001 84831
003 ES-MaACL
005 20230906175122.0
007 t|
008 041124s1956 ag ||||1| spa d
100 1 _aJohnstone, Rutherford T.
_966781
245 1 0 _aMedicina del trabajo e higiene industrial /
_cRutherford T. Johnstone ; [traducción directa por Delia Ingenieros].
260 _aBuenos Aires :
_bNova,
_c[1956] (
_fLópez)
300 _a669 p., 4 lám. ;
_c24 cm.
490 1 _aMedicina
700 1 _aIngenieros, Delia.
_965283
830 0 _aMedicina
_9231676
852 _aES-MaACL
_jC-13589
_bR.41344
999 _c84831
_d84831